| 000 | 00867nam a22002657a 4500 | ||
|---|---|---|---|
| 003 | dpl | ||
| 005 | 20180727130812.0 | ||
| 008 | 180727b xxu||||| |||| 00| 0 eng d | ||
| 010 | _aB-228568 | ||
| 020 |
_c350.00 _a8185604509 |
||
| 035 | _aB-228568, B-228573 | ||
| 037 | _bCen Lib/Ret | ||
| 040 |
_aDPL _bEN _c0 |
||
| 082 |
_aN _bROY |
||
| 100 |
_aRoy, Sabitri _931969 |
||
| 245 |
_aHarvest song : _cby Sabitri Roy; translated by Chandrima Bhattacharya [and] Adrita Mukherjee _ba novel on the Tebhaga movement / |
||
| 260 |
_aKolkata _bSTREE _c2005 |
||
| 270 |
_a16 Southern Avenue _bKolkata _e700 026 |
||
| 300 |
_axi,373p. _c21cm(pbk) |
||
| 650 |
_aBengali fiction _931970 |
||
| 650 |
_aPeasant uprisings -- India -- Bengal -- Fiction _931971 |
||
| 700 |
_aBhattacharya, Chandrima _931972 |
||
| 700 |
_aMukherjee, Adrita _931973 |
||
| 942 |
_2ddc _cEN _hN _mROY |
||
| 999 |
_c131511 _d131511 |
||